Ústava Európskej únie a pozícia Slovenskej republiky

Saved in:
Bibliographic Details
Main Author: Liďák, Ján
Format: Book Chapter
Language:Slovak
Tags: Add Tag
No Tags, Be the first to tag this record!

MARC

LEADER 00000naa$a2200000$$$4500
001 0060605
005 20240502083144.4
041 0 |a slo 
044 |a PL 
245 1 0 |a Ústava Európskej únie a pozícia Slovenskej republiky  |c Ján Liďák 
100 1 |a Liďák, Ján